| 000 | 00832nab a2200253 u 4500 | ||
|---|---|---|---|
| 001 | 17476 | ||
| 003 | HDC | ||
| 007 | cr bn ---aaaaa | ||
| 008 | 210223c mydr|noo 0 a may d | ||
| 040 | _aHDC | ||
| 100 |
_aHalina Mohd Noor _eauthor _98522 |
||
| 245 | 0 |
_aFaedah susu sebagai bahan kesihatan, kecantikan / _cby Halina Mohd Noor |
|
| 260 |
_aMalaysia : _bBerita Harian, _c2002 |
||
| 336 |
_atext _2rdacontent |
||
| 337 |
_acomputer _2rdamedia |
||
| 338 |
_aonline resource _2rdacarrier |
||
| 650 |
_acosmetics _924 |
||
| 650 |
_adairy industry _914049 |
||
| 710 | _aBerita Harian | ||
| 856 | _zRequest full-text at [email protected] | ||
| 942 | _2lcc | ||
| 942 | _cNEWS | ||
| 942 | _kNWSO 008677 | ||
| 999 |
_c14792 _d14792 |
||